How I Met Your Mother All Characters Quiz Stats

 Plays Quiz not verified by Sporcle

Support Sporcle.
Go Orange.
Score 0/80 Timer 15:00
0 Plays Today
Hint Answer % Correct
PrincipalRobin Scherbatsky
92.1%
PrincipalTed Mosby
91.3%
PrincipalLily Aldrin
90.5%
PrincipalBarney Stinson
90.5%
PrincipalMarshall Eriksen
88.1%
Gay and blackJames Stinson
83.3%
BabyMarvin Waitforit Eriksen
78.6%
CupcakesVictoria
78.6%
Heart attackMarvin Eriksen
78.6%
ArcadianZoey
78.6%
The brides weddingStella Zinman
75.4%
BarCarl
73.8%
WaitressWendy
72.2%
No body asked you....Patrice
71.4%
StripperQuinn
70.6%
SonLuke Mosby
67.5%
MomTracy McConnell
65.9%
SeaThe Captain
65.9%
ArgentinaGael
62.7%
PhsycoanalistKevin
61.9%
CigarretesLoretta Stinson
60.3%
In underwearDon
60.3%
DaughterPenny Mosby
59.5%
BoatsBecky
58.7%
InglandNora
57.1%
MomVirginia Mosby
55.6%
MayonnaiseJudy
55.6%
Reads the newspaperSandy Rivers
54%
BossArthur Hobbs
51.6%
Penguins, pumpkinThe slutty pumpkin
50.8%
Karate kidBilly Zabka
50%
Punch somethingPunchy
50%
DiseasesMickey
49.2%
Happy DrivingRanjit
47.6%
GermanKlaus
47.6%
On her birthday...Natalie
47.6%
Pinneaple nightTrudy
46.8%
Marshalls dateBrad
45.2%
Crazy vs hotBlah Blah
45.2%
Great absNick
42.9%
Hint Answer % Correct
Missing dadJerome Wittaker
42.1%
GlitterJessica Glitter
42.1%
MayonaisseMarcus Eriksen
41.3%
He has never seen a cool thingThe Blitz
40.5%
LesbianCindy
38.9%
Wedding crazyClaudia
38.1%
KarateTony
37.3%
Eternally in loveBill 'Scooter'
37.3%
CanadianAlan Thicke
35.7%
PhilosopherKaren
34.9%
Coffee makerStuart
34.9%
GayTom
34.1%
Karate kid fakeRalph Macchio
33.3%
Plays GuitarClint
32.5%
The Naked ManMich
29.4%
BrBaHammond Druthers
28.6%
Where is ...Gary Blauman
27%
Ohh.. ho....!Honey
27%
JLOAnita
25.4%
Thank you ....Linus
25.4%
BrBitchAbby
24.6%
For the environmentGarrison Cootes
21.4%
Tv showBob Barker
20.6%
He tattoed his faceMike Tyson
20.6%
CrazyHeather Mosby
18.3%
ButterflyAmy
18.3%
Afraid to flightGenevieve
18.3%
Most crazy office mateJenkins
16.7%
OfficeBilson
15.9%
Make it rainPenelope
11.9%
Shut up!Cathy
11.9%
Carly
11.9%
Her uncle diedCassie
10.3%
His Daugh...son is a principal Robin Scherbatsky Sr.
9.5%
Who is...Carlos
5.6%
Harry
5.6%
Crazy womanKrirsten
4.8%
SonsInsane Duane
2.4%
Crazy manCalvin
2.4%
Wears diapersMrs. Matsen
1.6%

You're not logged in!

Compare scores with friends on all Sporcle quizzes.
OR
Log In

From the Vault

Big Cities in Big Countries

by NO_r_WAY

They're kind of a big deal.
Remove Ads.
Support Sporcle.
Get the best of Sporcle when you Go Orange. This ad-free experience offers more features, more stats, and more fun while also helping to support Sporcle. Thank you for becoming a member.

Show Comments

Extras

Top Quizzes Today


Score Distribution

Your Account Isn't Verified!

In order to create a playlist on Sporcle, you need to verify the email address you used during registration. Go to your Sporcle Settings to finish the process.

Report this User

Report this user for behavior that violates our Community Guidelines.

Details: